[Event "Deutsche Ländermeisterschaft 2024"]
[Site "Tübingen GER"]
[Date "2024.10.03"]
[Round "2"]
[White "Krannich, Eva"]
[Black "Albrecht, Sidney Jenna"]
[Result "1-0"]
[Termination "normal"]
[Board "6.8"]
[WhiteElo "1582"]
[BlackElo "1544"]
[WhiteClock "01:06:43"]
[BlackClock "00:09:01"]
[WhiteTeam "Rheinland-Pfalz"]
[BlackTeam "Thüringen"]
[PlyCount "91"]
[WhiteFideId "34639713"]
[BlackFideId "34660283"]
[EventCountry "GER"]
[EventRounds "7"]
[EventType "team-swiss"]
[EventDate "2024.10.02"]

1. e4 {[%clk 01:30:59]} c5 {[%clk 01:30:53]} {[%emt 00:00:07]} 2. Nf3 {[%clk
01:31:23]} {[%emt 00:00:05]} Nc6 {[%clk 01:31:16]} {[%emt 00:00:06]} 3. d3
{[%clk 01:31:34]} {[%emt 00:00:20]} g6 {[%clk 01:31:31]} {[%emt 00:00:17]} 4.
g3 {[%clk 01:31:51]} {[%emt 00:00:11]} Bg7 {[%clk 01:31:37]} {[%emt 00:00:25]}
5. Bg2 {[%clk 01:32:09]} {[%emt 00:00:13]} Nf6 {[%clk 01:31:38]} {[%emt
00:00:27]} 6. O-O {[%clk 01:32:17]} {[%emt 00:00:22]} O-O {[%clk 01:31:47]}
{[%emt 00:00:22]} 7. Nc3 {[%clk 01:32:23]} {[%emt 00:00:24]} Re8 {[%clk
01:31:16]} {[%emt 00:00:59]} 8. h3 {[%clk 01:32:31]} {[%emt 00:00:23]} e6
{[%clk 01:30:59]} {[%emt 00:00:47]} 9. Re1 {[%clk 01:31:59]} {[%emt 00:01:02]}
d5 {[%clk 01:30:38]} {[%emt 00:00:51]} 10. e5 {[%clk 01:32:05]} {[%emt
00:00:23]} Nd7 {[%clk 01:30:22]} {[%emt 00:00:45]} 11. Bf4 {[%clk 01:31:36]}
{[%emt 00:01:00]} b6 {[%clk 01:29:13]} {[%emt 00:01:40]} 12. Qd2 {[%clk
01:28:19]} {[%emt 00:03:45]} a6 {[%clk 01:26:28]} {[%emt 00:03:15]} 13. Nd1
{[%clk 01:26:55]} {[%emt 00:01:55]} Qc7 {[%clk 01:24:05]} {[%emt 00:02:52]} 14.
Qe3 {[%clk 01:26:04]} {[%emt 00:01:20]} Bb7 {[%clk 01:21:48]} {[%emt 00:02:48]}
15. c3 {[%clk 01:26:16]} {[%emt 00:00:19]} d4 {[%clk 01:13:33]} {[%emt
00:08:45]} 16. cxd4 {[%clk 01:24:24]} {[%emt 00:02:21]} cxd4 {[%clk 01:13:34]}
{[%emt 00:00:29]} 17. Nxd4 {[%clk 01:24:47]} {[%emt 00:00:07]} Ncxe5 {[%clk
01:13:28]} {[%emt 00:00:36]} 18. Rc1 {[%clk 01:21:42]} {[%emt 00:03:35]} Qb8
{[%clk 01:12:25]} {[%emt 00:01:32]} 19. Nc6 {[%clk 01:19:05]} {[%emt 00:03:07]}
Qd6 {[%clk 00:58:54]} {[%emt 00:14:01]} 20. Nxe5 {[%clk 01:19:00]} {[%emt
00:00:36]} Bxg2 {[%clk 00:56:37]} {[%emt 00:02:47]} 21. Nxd7 {[%clk 01:18:33]}
{[%emt 00:00:56]} Qxd7 {[%clk 00:56:20]} {[%emt 00:00:46]} 22. Kxg2 {[%clk
01:18:32]} {[%emt 00:00:31]} Qd5+ {[%clk 00:53:09]} {[%emt 00:03:42]} 23. Kh2
{[%clk 01:17:36]} {[%emt 00:01:27]} Red8 {[%clk 00:49:46]} {[%emt 00:03:52]}
24. Nc3 {[%clk 01:16:25]} {[%emt 00:01:41]} Qf5 {[%clk 00:40:43]} {[%emt
00:09:33]} 25. Qxb6 {[%clk 01:14:26]} {[%emt 00:02:30]} Rxd3 {[%clk 00:38:36]}
{[%emt 00:02:37]} 26. Qb7 {[%clk 01:13:58]} {[%emt 00:00:58]} Rdd8 {[%clk
00:35:12]} {[%emt 00:03:54]} 27. Qe4 {[%clk 01:13:43]} {[%emt 00:00:46]} Qc5
{[%clk 00:32:54]} {[%emt 00:02:48]} 28. Be3 {[%clk 01:10:48]} {[%emt 00:03:26]}
Qc7 {[%clk 00:31:32]} {[%emt 00:01:51]} 29. Na4 {[%emt 00:01:37]} Qb8 {[%clk
00:29:20]} {[%emt 00:02:38]} 30. b3 {[%clk 01:08:54]} {[%emt 00:01:21]} Qb5
{[%clk 00:25:47]} {[%emt 00:04:02]} 31. Rc5 {[%clk 01:07:13]} {[%emt 00:02:11]}
Qb8 {[%clk 00:25:02]} {[%emt 00:01:14]} 32. Bf4 {[%clk 01:07:08]} {[%emt
00:00:37]} Qa7 {[%clk 00:23:22]} {[%emt 00:02:09]} 33. Be3 {[%clk 01:06:50]}
{[%emt 00:00:48]} Qb8 {[%clk 00:22:44]} {[%emt 00:01:07]} 34. Nb6 {[%clk
01:06:43]} {[%emt 00:00:37]} Ra7 {[%clk 00:17:51]} {[%emt 00:05:23]} 35. Rc8
{[%clk 01:06:05]} {[%emt 00:01:09]} Rxc8 {[%clk 00:17:14]} {[%emt 00:01:07]}
36. Nxc8 {[%clk 01:06:15]} {[%emt 00:00:21]} Rb7 {[%clk 00:15:53]} {[%emt
00:01:50]} 37. Rc1 {[%clk 01:05:34]} {[%emt 00:01:11]} Rb4 {[%clk 00:14:01]}
{[%emt 00:02:22]} 38. Qd3 {[%clk 01:05:10]} {[%emt 00:00:55]} Be5 {[%clk
00:12:56]} {[%emt 00:01:34]} 39. Ne7+ {[%clk 01:05:22]} {[%emt 00:00:19]} Kg7
{[%clk 00:12:33]} {[%emt 00:00:52]} 40. Nc6 {[%clk 01:05:47]} {[%emt 00:00:05]}
Qb5 {[%clk 00:11:38]} {[%emt 00:01:25]} 41. Nxb4 {[%clk 01:05:51]} {[%emt
00:00:25]} Qxb4 {[%clk 00:11:46]} {[%emt 00:00:23]} 42. Qxa6 {[%clk 01:06:05]}
{[%emt 00:00:16]} Qe4 {[%clk 00:11:04]} {[%emt 00:01:12]} 43. Qe2 {[%clk
01:05:51]} {[%emt 00:00:43]} Qd5 {[%clk 00:10:04]} {[%emt 00:01:30]} 44. Rc5
{[%clk 01:06:01]} {[%emt 00:00:21]} Qe4 {[%clk 00:09:33]} {[%emt 00:01:01]} 45.
Bh6+ {[%clk 01:06:18]} {[%emt 00:00:13]} Kxh6 {[%clk 00:09:01]} {[%emt
00:01:02]} 46. Qxe4 {[%clk 01:06:43]} {[%emt 00:00:06]} 1-0